01454nam a2200349 a 4500001001200000003000800012006001900020007001500039008004100054020001800095020002700113040002100140035002100161050002600182100001900208245019500227246005500422260004900477300002800526500002000554533015200574630003800726650002400764650002300788650003900811650004500850655002900895700001800924710001700942856012600959999001901085ebr10439346CaPaEBRm u cr cn|||||||||110126s2010 enka s 001 0 eng d z9781847199843 z9781847199850 (e-book) aCaPaEBRcCaPaEBR a(OCoLC)70451830814aQA76.575b.C54 2010eb1 aCleeren, Gill.10aSilverlight 4 data and services cookbookh[electronic resource] :bover 85 practical recipes for creating rich, data-driven business applications in Silverlight /cGill Cleeren, Kevin Dockx.14aMicrosoft Silverlight 4 data and services cookbook aBirmingham, U.K. :bPackt Enterprise,c2010. aiv, 462 p. :bcol. ill. aIncludes index. aElectronic reproduction.bPalo Alto, Calif. :cebrary,d2011.nAvailable via World Wide Web.nAccess may be limited to ebrary affiliated libraries.00aSilverlight (Electronic resource) 0aMultimedia systems. 0aWeb sitesxDesign. 0aApplication softwarexDevelopment. 0aWeb site developmentxComputer programs. 7aElectronic books.2local1 aDockx, Kevin.2 aebrary, Inc.40uhttp://site.ebrary.com/lib/rucke/Doc?id=10439346zAn electronic book accessible through the World Wide Web; click to view c134354d134354